Billboard #1 Hits of 1970 - Statistics

General Stats
  • This quiz has been taken 70 times
  • The average score is 15 of 21
Answer Stats
Hint Extra Hint Explanation Answer % Correct
Let It Be 11 April (2 wks.) Listen on YouTube The Beatles
95%
ABC 25 April (2 wks.) Listen on YouTube The Jackson 5
95%
Bridge Over Troubled Water 28 February (6 wks.) Listen on YouTube Simon & Garfunkel
89%
My Sweet Lord / Isn't It a Pity 26 December (4 wks.) Listen to “My Sweet Lord” on YouTube

George Harrison
88%
Ain't No Mountain High Enough 19 September (3 wks.) Listen on YouTube Diana Ross
84%
(They Long to Be) Close to You 25 July (4 wks.) Listen on YouTube The Carpenters
84%
The Tears of a Clown 12 December (2 wks.) Listen on YouTube Smokey Robinson & the Miracles
81%
I Want You Back 31 January (1 wk.) Listen on YouTube The Jackson 5
79%
Raindrops Keep Fallin' on My Head 3 January (4 wks.) Listen on YouTube B. J. Thomas
75%
War 29 August (3 wks.) Listen on YouTube Edwin Starr
72%
Cracklin' Rosie 10 October (1 wk.) Listen on YouTube Neil Diamond
72%
American Woman / No Sugar Tonight 9 May (3 wks.) Listen to “American Woman” on YouTube

The Guess Who
72%
The Long and Winding Road / For You Blue 13 June (2 wks.) Listen to “The Long and Winding Road” on YouTube

The Beatles
70%
Make It with You 22 August (1 wk.) Listen on YouTube Bread
67%
I'll Be There 17 October (5 wks.) Listen on YouTube The Jackson 5
67%
I Think I Love You 21 November (3 wks.) Listen on YouTube The Partridge Family
65%
Venus 7 February (1 wk.) Listen on YouTube Shocking Blue
63%
Mama Told Me (Not to Come) 11 July (2 wks.) Listen on YouTube Three Dog Night
61%
Everything Is Beautiful 30 May (2 wks.) Listen on YouTube Ray Stevens
53%
Thank You (Falettinme Be Mice Elf Agin) 14 February (2 wks.) Listen on YouTube Sly & the Family Stone
42%
The Love You Save 27 June (2 wks.) Listen on YouTube The Jackson 5
30%
No matching quizzes found
Score Distribution
Percent of People with Each Score
Percentile by Number Answered
Your Score History
You have not taken this quiz